| 000 | 00595nam a2200181Ia 4500 | ||
|---|---|---|---|
| 005 | 20250923145831.0 | ||
| 008 | 008 250917s9999 xx 000 0 eng d | ||
| 037 | _aTextual | ||
| 040 |
_aDSWL _beng _cDSWL |
||
| 041 |
_aeng _2eng |
||
| 084 |
_aT2:3(YX)'N89t4, N89;1 _qDSWL |
||
| 100 |
_aKumar, Manjulata _9839405 |
||
| 245 | 0 |
_aAttitude of teachers and students towards school social work programme _c by Manjulata Kumar |
|
| 260 |
_aDelhi _bDeptt. of social work _c1989 |
||
| 300 | _aviii,337,77p. | ||
| 942 |
_cTEXL _hT2:3(YX)'N89t4, N89;1 |
||
| 999 |
_c1456275 _d1456275 |
||